Afrykańskie reprezentacje, które wystąpiły na Mistrzostwach Świata - Statystyki

Ogólne statystyki
  • Ten quiz został rozwiązany 6 544 razy
  • Średni wynik to 10 z 13
Statystyki odpowiedzi
# Najlepszy wynik Państwo % Poprawnych
3 Faza grupowa Egipt
97%
6 Czwarte miejsce Maroko
96%
3 Faza grupowa Republika Południowej Afryki
96%
3 Ćwierćfinał Senegal
89%
4 Druga runda Algieria
88%
6 Druga runda Nigeria
84%
8 Ćwierćfinał Kamerun
83%
4 Ćwierćfinał Ghana
79%
1 Faza grupowa Demokratyczna Republika Konga
77%
6 Faza grupowa Tunezja
77%
3 Faza grupowa Wybrzeże Kości Słoniowej
70%
1 Faza grupowa Angola
54%
1 Faza grupowa Togo
44%
Nie znaleziono quizów pasujących do podanych kryteriów
Rozkład punktacji
Procent ludzi z każdym wynikiem
Percentyl według liczby udzielonych odpowiedzi
Twoja historia wyników
Nie rozwiązałeś tego quizu